000 01576cam a22004574i 4500
003 PE-LiUPU
005 20250731172824.0
008 150617s r 000 0 d
020 _a0800783034
035 _a(Sirsi) i9780800783037
040 _aPE-LiUPU
_bspa
_cPE-LiUPU
_erda
049 _aPRUA
082 0 4 _a253.7
_bC71
_221
100 1 _aColeman, Robert Emerson,
_d1928- ,
_eautor.
245 1 4 _aThe master plan of evangelism /
_cRobert E. Coleman ; foreword by Billy Graham ; introduction by Paul S. Rees.
264 1 _aNew Jersey :
_bSpire Books,
_c1980.
300 _a126 páginas ;
_c17 centímetros
336 _atext
_2rdacontent
337 _aunmediated
_2rdamedia
338 _avolume
_2rdacarrier
505 0 _aSelection. -Association. -Consecration. -Impartation. -Demostration. -Delegation. -Supervision. -Reproduction.
526 _aSEG42
526 _aSEG41
526 _aSEG40
526 _aSEG39
526 _aP94
526 _aP87
526 _aP86
526 _aP85
526 _aP77
526 _aP76
526 _aP35
600 1 _aJesucristo
_xMétodos evangelísticos
910 _ajck
_bjvq
_cjck
_d20150616
942 _2ddc
_cBOOK
949 _a253.7 C71
_wDEWEY
_c1
_i21335
_lCCODEBUL1
_mBUL
_r0
_sY
_tBOOK
_u2015-6-17
_xTEOLOGIA
_PP35
_0COMPRA
_o.STAFF. Colección General
994 _aC0
_bPEPRU
596 _a1
999 _a253.7 C71
_wDEWEY
_c5556
_i21335
_f2021-11-12
_g5
_lCCODEBUL1
_mBUL
_r0
_sY
_tBOOK
_u2015-6-17
_xTEOLOGIA
_PP35
_0COMPRA
_o.STAFF. Colección General
_d5556
980 _81
_gALBERTO SANCHEZ Responsable de Automatización